MARC details
| 000 -LEADER |
| campo de control de longitud fija |
01287nam a2200301Ia 4500 |
| 000 - LEADER |
| campo de control de longitud fija |
nam a22 i 4500 |
| 001 - NÚMERO DE CONTROL |
| campo de control |
UNACH-14913 |
| 007 - CAMPO FIJO DE DESCRIPCIÓN FÍSICA--INFORMACIÓN GENERAL |
| campo de control de longitud fija |
ta |
| 008 - DATOS DE LONGITUD FIJA--INFORMACIÓN GENERAL |
| campo de control de longitud fija |
221212s ||||fr|||| 00| | spa d |
| 020 ## - NÚMERO INTERNACIONAL ESTÁNDAR DEL LIBRO |
| Número Internacional Estándar del Libro |
978-84-927357-6-1 |
| 041 0# - CÓDIGO DE IDIOMA |
| Código de lengua del texto/banda sonora o título independiente |
spa |
| 082 04 - NÚMERO DE LA CLASIFICACIÓN DECIMAL DEWEY |
| Número de clasificación |
620.8 |
| Número de ítem |
Factores humanos e ingenieria de seguridad |
| 100 1# - ENTRADA PRINCIPAL--NOMBRE DE PERSONA |
| Nombre de persona |
Martínez Pascual, Juan Ramón, |
| Término indicativo de función/relación |
autor |
| 245 10 - MENCIÓN DEL TÍTULO |
| Título |
Trabajos en altura : |
| Resto del título |
Seguridad y uso de EPI contra caídas |
| 264 31 - PRODUCCIÓN, PUBLICACIÓN, DISTRIBUCIÓN, FABRICACIÓN Y COPYRIGHT |
| Producción, publicación, distribución, fabricación y copyright |
[Madrid] : |
| -- |
España : |
| Nombre del de productor, editor, distribuidor, fabricante |
Fundación Confemetal, |
| Fecha de producción, publicación, distribución, fabricación o copyright |
2011 |
| 300 ## - DESCRIPCIÓN FÍSICA |
| Extensión |
143 páginas : |
| Otras características físicas |
gráficos |
| 336 ## - TIPO DE CONTENIDO |
| Término de tipo de contenido |
texto |
| Código de tipo de contenido |
txt |
| Fuente |
rdacontent |
| 337 ## - TIPO DE MEDIO |
| Nombre/término del tipo de medio |
no mediado |
| Código del tipo de medio |
n |
| Fuente |
rdamedia |
| 338 ## - TIPO DE SOPORTE |
| Nombre/término del tipo de soporte |
volumen |
| Código del tipo de soporte |
nc |
| Fuente |
rdacarrier |
| 504 ## - NOTA DE BIBLIOGRAFÍA, ETC. |
| Nota de bibliografía, etc. |
Incluye índice, Índice de términos y siglas utilizados, Soluciones para los cuestionarios de evaluación, Bibliografía. |
| 505 0# - NOTA DE CONTENIDO CON FORMATO |
| Nota de contenido con formato |
Conceptos básicos de seguridad relacionados con el trabajo realizado en altura.-- Los EPI fundamentales para el trabajo en altura.-- Contenidos específicos: Utilización de EPI según estructura del lugar de trabajo.-- Técnicas específicas.-- Emergencias en altura. Evacuación y rescate. |
| 650 14 - PUNTO DE ACCESO ADICIONAL DE MATERIA--TÉRMINO DE MATERIA |
| Término de materia o nombre geográfico como elemento de entrada |
ARNÉS |
| 650 24 - PUNTO DE ACCESO ADICIONAL DE MATERIA--TÉRMINO DE MATERIA |
| Término de materia o nombre geográfico como elemento de entrada |
CINTURONES DE SUJECIÓN |
| 650 24 - PUNTO DE ACCESO ADICIONAL DE MATERIA--TÉRMINO DE MATERIA |
| Término de materia o nombre geográfico como elemento de entrada |
PUNTO DE ANCLAJE |
| 650 24 - PUNTO DE ACCESO ADICIONAL DE MATERIA--TÉRMINO DE MATERIA |
| Término de materia o nombre geográfico como elemento de entrada |
TÉCNICAS DE SEGURIDAD |
| 942 ## - ELEMENTOS DE ENTRADA SECUNDARIOS (KOHA) |
| Fuente del sistema de clasificación o colocación |
Clasificación Decimal Dewey |
| Tipo de ítem Koha |
Libros |
| Suprimir en OPAC |
No |